00297nam a22001097a 4500008004100000020001800041020001400059020001200073041000800085080000700093245008700100160506b xxu||||| |||| 00| 0 eng d a9781416035466 a141603446 a0889857 aeng a61 aRheumatic disease clinics of north america:cStephen A. Paget MD; Mary K. Crow MD;